Spon's mechanical and electrical services price book 2007 (Record no. 105742)
[ view plain ]
| 000 -LEADER | |
|---|---|
| fixed length control field | 01333cam a2200289 4500 |
| 001 - CONTROL NUMBER | |
| control field | ##L134605 |
| 008 - FIXED-LENGTH DATA ELEMENTS--GENERAL INFORMATION | |
| fixed length control field | 060818n2007 000 0 eng u |
| 020 ## - INTERNATIONAL STANDARD BOOK NUMBER | |
| International Standard Book Number | 0415393876 |
| 035 ## - SYSTEM CONTROL NUMBER | |
| System control number | (Sirsi) u134605 |
| 041 0# - LANGUAGE CODE | |
| Language code of text/sound track or separate title | eng |
| 050 04 - LIBRARY OF CONGRESS CALL NUMBER | |
| Classification number | 692.5 $2 18 |
| 245 00 - TITLE STATEMENT | |
| Title | Spon's mechanical and electrical services price book 2007 |
| 250 ## - EDITION STATEMENT | |
| Edition statement | 38th ed. |
| 260 ## - PUBLICATION, DISTRIBUTION, ETC. | |
| Place of publication, distribution, etc. | Abingdon |
| Name of publisher, distributor, etc. | Taylor and Francis |
| Date of publication, distribution, etc. | 2007 |
| 300 ## - PHYSICAL DESCRIPTION | |
| Extent | xvi,654p. |
| Dimensions | 26cm. |
| 350 ## - PRICE (NR) (BK AM CF MU VM SE) [OBSOLETE] | |
| Price | 123.50 |
| 520 ## - SUMMARY, ETC. | |
| Summary, etc. | Provides detailed pricing information across the full range of mechanical and electrical services, together with higher level costs for a wide range of systems and different building applications. Part one looks at engineering features; part two covers approximate estimating; part three provides material costs/measured work prices for mechanical and electrical installations; part four deals with rates of wages; and part five covers daywork. Tables and memoranda. |
| 520 ## - SUMMARY, ETC. | |
| Summary, etc. | There is a separate CD-ROM for reference use in the Library |
| 520 ## - SUMMARY, ETC. | |
| Summary, etc. | Supersedes 36th edition (ISBN 0415348471) |
| 520 ## - SUMMARY, ETC. | |
| Summary, etc. | Superseded by 39th edition (ISBN 9780415424424). |
| 590 ## - LOCAL NOTE (RLIN) | |
| Local note | IKA031006 |
| 651 #4 - SUBJECT ADDED ENTRY--GEOGRAPHIC NAME | |
| Geographic name | United Kingdom |
| Chronological subdivision | |
| 690 ## - LOCAL SUBJECT ADDED ENTRY--TOPICAL TERM (OCLC, RLIN) | |
| Topical term or geographic name as entry element | BUILT ENVIRONMENT-BUILDING COSTS |
| 710 2# - ADDED ENTRY--CORPORATE NAME | |
| Corporate name or jurisdiction name as entry element | Davis Langdon Mott Green Wall |
| Relator term | Editor |
| 9 (RLIN) | 4650 |
| 942 ## - ADDED ENTRY ELEMENTS (KOHA) | |
| Suppress in OPAC | 0 |
| Withdrawn status | Lost status | Source of classification or shelving scheme | Damaged status | Not for loan | Home library | Current library | Shelving location | Date acquired | Cost, normal purchase price | Total Checkouts | Full call number | Barcode | Date last seen | Copy number | Cost, replacement price | Price effective from | Koha item type |
|---|---|---|---|---|---|---|---|---|---|---|---|---|---|---|---|---|---|
| Dewey Decimal Classification | London | London | Basement | 21/09/2006 | 123.50 | BASEMENT | 30073277 | 06/08/2019 | 1 | 123.50 | 06/08/2019 | Reference material |